| LEADER | 00952nam a2200181 4500 | ||
|---|---|---|---|
| 999 | |c 1200 |d 1200 | ||
| 082 | |a 570 |b PH 300 L | ||
| 100 | |a Phillips, W.D. | ||
| 245 | |a Sinh học |c Phillips, W.D, T.T.Chilton; Nguyễn Bá,... dịch; Nguyễn Mộng Hùng hiệu đính |n T.2 | ||
| 250 | |a Tái bản lần thứ nhất | ||
| 260 | |a H. |b Giáo dục |c 2001 | ||
| 300 | |a 340tr. |c 27cm. | ||
| 520 | |a v.v... | ||
| 653 | |a Sinh học | ||
| 942 | |2 ddc |c STK0 | ||
| 952 | |0 0 |1 0 |2 ddc |4 0 |6 570_PH_300000000000000_L |7 1 |8 500 |9 21564 |a qbu |b qbu |c D3 |d 2014-12-05 |g 30000 |o 570 PH 300 L |p 1851.C1 |r 0000-00-00 |w 2014-12-05 |y STK0 | ||
| 952 | |0 0 |1 0 |2 ddc |4 0 |6 570_PH_300000000000000_L |7 0 |8 500 |9 21565 |a qbu |b qbu |c D3 |d 2014-12-05 |g 30000 |o 570 PH 300 L |p 1851.C2 |r 0000-00-00 |w 2014-12-05 |y STK0 |0 0 |6 570_PH_300000000000000_L | ||
| 952 | |0 0 |1 0 |2 ddc |4 0 |6 570_PH_300000000000000_L |7 0 |8 500 |9 21566 |a qbu |b qbu |c D3 |d 2014-12-05 |g 30000 |o 570 PH 300 L |p 1851.C3 |r 0000-00-00 |w 2014-12-05 |y STK0 |0 0 |6 570_PH_300000000000000_L | ||